Statistics for Today Was A Fairytale lyrics

Click here to take the quiz!

General Stats

  • This quiz has been taken 129 times
  • The average score is 261 of 307

Answer Stats

Lyrics% Correct
a
100%
I
98%
was
98%
fairytale
97%
the
97%
to
97%
Today
97%
you
97%
You
97%
in
92%
were
92%
me
90%
be
89%
prince,
89%
when
89%
by
85%
it?
84%
It
84%
like
84%
this
84%
and
82%
can
82%
Can
82%
dress,
82%
love
82%
t-shirt
82%
wore
82%
your
82%
dark
81%
down
81%
feel
81%
gray
81%
have
81%
looked
81%
mess
81%
pretty
81%
told
81%
you're
81%
been
79%
damsel
79%
kissed
79%
must
79%
saw
79%
slows
79%
so
79%
standing
79%
there
79%
Time
79%
time
79%
way
79%
air?
77%
around,
77%
around
77%
magic
77%
my
77%
whenever
77%
at
76%
But
76%
Fell
76%
it's
76%
Oh,
76%
oh
76%
took
76%
used
76%
distress
74%
hand
74%
up
74%
yeah
74%
six
73%
can't
71%
is
69%
picked
69%
say,
69%
say
69%
chest
68%
beating
66%
heart,
66%
that
66%
All
65%
Every
61%
face
61%
put
61%
now
60%
much
58%
takes
58%
clearer
56%
got
55%
planet
55%
You've
55%
another
53%
everything
53%
getting
53%
smile,
53%
make,
52%
right
52%
move
50%
Nothing
47%
made
45%
'til
45%
sense
44%
Did
42%

Score Distribution

Percentile by Number Answered

Percent of People with Each Score

Your Score History

You have not taken this quiz